000 00889cam a22002291 4500
001 pa 58000025
003 DLC
005 20260227111854.0
008 810223s1957 dcua i000 0 eng c
010 _apa 58000025
035 _a(OCoLC)7148828
040 _aPan American Union
_cWEU
_dWEU
_dDLC
042 _apremarc
050 0 0 _aHF152
_b.P3
245 0 0 _aForeign trade of the Dominican Republic, 1945-1955.
260 _aWashington,
_c1957.
300 _aiv, 40 p.
_btables
_c27 cm.
490 1 _aInternational trade of the American States : Bulletin / Pan American Union, Office of Statistics ;
_vno. 4
500 _aAt head of title: Organization of American States. Inter-American Economic and Social Council.
651 0 _aDominican Republic
_xCommerce.
810 2 _aPan American Union.
_bOffice of Statistics.
_tInternational trade of the American States : Bulletin ;
_vno. 4.
999 _c51361
_d51361